000 003820000a22001450004500
090 _aAR
_b00217
245 1 0 _aAls zoologe in Australien: V. Am korallenmeer
650 1 4 _aFauna
_992594
650 1 4 _aZoología
_993081
651 4 _pAustralia
_992749
041 0 _aAlemán
100 1 _aMertens, Robert
_993053
942 _cARTICULO
773 1 _tNatur und Volk
_395
_h11
_q369-379
_d1958
_g88
999 _c9317
_d9317